Which Countries Are Hidden Behind These Squares? #1 - Statistics

General Stats
  • This quiz has been taken 2,207 times
  • The average score is 27 of 32
Answers on the Map
Answers color-coded by a green-red scale on the quiz's map according to % correct below.
 
Answer Stats
Country % Correct
France
98%
Spain
98%
Italy
97%
Portugal
96%
South Africa
96%
Vietnam
92%
Laos
90%
Thailand
90%
Andorra
89%
Cambodia
88%
Germany
88%
Lesotho
88%
Morocco
88%
Myanmar
88%
Algeria
86%
Switzerland
86%
Austria
85%
Malaysia
85%
Namibia
85%
Tunisia
84%
Zimbabwe
84%
Mozambique
83%
Swaziland
83%
Angola
82%
Monaco
82%
Zambia
82%
Botswana
80%
Vatican City
80%
San Marino
78%
Liechtenstein
76%
China
73%
Libya
57%
No matching quizzes found
Score Distribution
Percent of People with Each Score
Percentile by Number Answered
Your Score History
You have not taken this quiz